|
|
|
|
| LEADER |
00000ny a22000003n 4500 |
| 005 |
20110615152536.0 |
| 008 |
060406s20050000it fb 001 0 ita a |
| 020 |
|
|
|a 9788884224446
|
| 035 |
|
|
|a 4670
|
| 040 |
|
|
|a DEUSTO
|d vLex
|
| 080 |
|
|
|a 351.77(45)
|
| 090 |
|
|
|c 739
|d 739
|
| 245 |
0 |
0 |
|a Diritto sanitario e fenomeno religioso
|h [Recurso electrn̤ico]
|b (materiali per attivit ̉seminariali) /
|c a cura di Gaetano Dammacco
|
| 256 |
|
|
|a Servicio en ln̕ea
|
| 260 |
|
|
|a Bari :
|b Cacucci,
|c 2005
|
| 300 |
|
|
|a 118 p. ;
|c 22 cm
|
| 500 |
|
|
|a Incl. legal documents
|
| 500 |
|
|
|a Lectures
|
| 504 |
|
|
|a Bibliogr
|
| 506 |
1 |
|
|a Contenido solo disponible en los productos indicados
|d vLex Global
|d vLex Global (Academic Edition, excluding Law Schools)
|d vLex Global (U.S. Academic Edition, Law Schools)
|d vLex Global (U.S. Academic Edition, excluding Law Schools)
|d vLex Global (Academic Edition, Law Schools)
|
| 650 |
0 |
4 |
|a Salud pb︢lica
|x Aspecto religioso
|z Italia
|
| 650 |
0 |
4 |
|a Salud pb︢lica
|x Derecho
|z Italia
|
| 700 |
1 |
|
|a Dammacco, Gaetano,
|e ed. lit.
|
| 740 |
0 |
|
|a vLex Libros (Servicios en ln̕ea)
|
| 856 |
4 |
0 |
|u http://vlex.com/source/4670
|z Acceso restringido
|
| 942 |
|
|
|c BOOK
|
| 999 |
|
4 |
|a Public health
|b Italia
|
| 999 |
|
4 |
|a Salud pb︢lica-
|z Italia
|